| 000 | 00473nam a22001697a 4500 | ||
|---|---|---|---|
| 003 | NUST - PNEC | ||
| 005 | 20170116180858.0 | ||
| 008 | 150831b xxu||||| |||| 00| 0 eng d | ||
| 020 | _a0792334310 | ||
| 040 | _cLIBRARY | ||
| 082 | _a624.171 FRI | ||
| 100 |
_96114 _aFriswell, M. I |
||
| 245 |
_aFinite element model updating in structural dynamics _cM. I,Friswell |
||
| 260 | _cc 1995 | ||
| 650 |
_96115 _aStructural dynamics--Mathematical models _xME |
||
| 942 |
_2ddc _cBK |
||
| 999 |
_c64863 _d64863 |
||